Miguel Hernández, escritor y poeta de la revolución / (Record no. 145252)

MARC details
000 -LEADER
campo de control de longitud fija 00755nam a2200241 i 4500
001 - NÚMERO DE CONTROL
campo de control 145252
003 - IDENTIFICADOR DE NÚMERO DE CONTROL
campo de control ES-MaACL
005 - FECHA Y HORA DE LA ÚLTIMA TRANSACCIÓN
campo de control 20251122151510.0
007 - CAMPO FIJO DE DESCRIPCIÓN FÍSICA--INFORMACIÓN GENERAL
campo de control de longitud fija t|
008 - DATOS DE LONGITUD FIJA--INFORMACIÓN GENERAL
campo de control de longitud fija 070214s1977 sp |||| | spa d
020 ## - NÚMERO INTERNACIONAL ESTÁNDAR DEL LIBRO
Número Internacional Estándar del Libro 84-317-0385-7
080 ## - NÚMERO DE LA CLASIFICACIÓN DECIMAL UNIVERSAL
Número de la Clasificación Decimal Universal 929 Hernández, Miguel
100 1# - ENTRADA PRINCIPAL--NOMBRE DE PERSONA
Nombre de persona Sorel, Andrés.
9 (RLIN) 107333
245 10 - MENCIÓN DEL TÍTULO
Título Miguel Hernández, escritor y poeta de la revolución /
Mención de responsabilidad, etc. A. Sorel.
250 ## - MENCION DE EDICION
Mención de edición 2ª ed.
260 ## - PUBLICACIÓN, DISTRIBUCIÓN, ETC.
Lugar de publicación, distribución, etc. Bilbao :
Nombre del editor, distribuidor, etc. Zero,
Fecha de publicación, distribución, etc. 1977 (
Lugar de fabricación/manufactura Madrid :
Fabricante Tipoart)
300 ## - DESCRIPCIÓN FÍSICA
Extensión 141 p. ;
Dimensiones 17 cm.
490 1# - MENCIÓN DE SERIE
Mención de serie Lee y discute.
-- Serie R ;
Designación de volumen o secuencia 68
600 14 - PUNTO DE ACCESO ADICIONAL DE MATERIA--NOMBRE DE PERSONA
Nombre de persona Hernández, Miguel,
Fechas asociadas al nombre 1910-1942-
Subdivisión general Biografías
9 (RLIN) 62845
830 0# - PUNTO DE ACCESO ADICIONAL DE SERIE-TÍTULO UNIFORME
Título uniforme Lee y discute.
-- Serie R ;
Designación de volumen o secuencia 68
9 (RLIN) 183631
852 ## - LOCALIZACIÓN
Ubicación ES-MaACL
Número de control de estantería A-7296
Holdings
Estatus retirado Estado de pérdida Estado de daño No para préstamo Biblioteca de origen Biblioteca actual Ubicación en estantería Fecha de adquisición Fuente de adquisición Total de préstamos Signatura topográfica completa Código de barras Visto por última vez Precio de reemplazo Tipo de ítem Koha
        Biblioteca del Ateneo de Madrid Biblioteca del Ateneo de Madrid Sala Pecera Planta 1 17/01/2008     A-7296 1151623 23/02/2023 23/02/2023 Libro impreso